Calculus (Record no. 6424)

000 -LEADER
fixed length control field 00599 a2200217 4500
010 ## - LIBRARY OF CONGRESS CONTROL NUMBER
LC control number 98018962
020 ## - INTERNATIONAL STANDARD BOOK NUMBER
International Standard Book Number 0136601359
082 00 - DEWEY DECIMAL CLASSIFICATION NUMBER
Classification number 515
090 ## - LOCALLY ASSIGNED LC-TYPE CALL NUMBER (OCLC); LOCAL CALL NUMBER (RLIN)
-- 2499
-- 2499
100 1# - MAIN ENTRY--PERSONAL NAME
Personal name Bradley, Gerald L.,
245 10 - TITLE STATEMENT
Title Calculus
Statement of responsibility, etc. Gerald L. Bradley, Karl J. Smith.
250 ## - EDITION STATEMENT
Edition statement 2nd ed.
260 ## - PUBLICATION, DISTRIBUTION, ETC.
Place of publication, distribution, etc. Upper Saddle River, N.J. :
Name of publisher, distributor, etc. Prentice Hall,
Date of publication, distribution, etc. c1999.
300 ## - PHYSICAL DESCRIPTION
Extent xxii, 726, 90 p. :
Other physical details ill. ;
Dimensions 26 cm.
500 ## - GENERAL NOTE
General note Rev. ed. of: Calculus. c1995.
500 ## - GENERAL NOTE
General note Includes index.
650 #0 - SUBJECT ADDED ENTRY--TOPICAL TERM
Topical term or geographic name entry element Calculus.
700 1# - ADDED ENTRY--PERSONAL NAME
Personal name Smith, Karl J.
700 1# - ADDED ENTRY--PERSONAL NAME
Personal name Bradley, Gerald L.,
Dates associated with a name 1940-
942 ## - ADDED ENTRY ELEMENTS (KOHA)
Koha item type Book
Call number prefix 515 BRA
Holdings
Withdrawn status Lost status Damaged status Not for loan Collection code Permanent Location Current Location Shelving location Date acquired Source of acquisition Cost, normal purchase price Total Checkouts Total Renewals Full call number Barcode Date last seen Date last checked out Price effective from Koha item type
          Central Library (CL) Central Library (CL) General Stacks 06/20/2005 Academic Book Company 1751.31 2 1 515 BRA SEECS005968 01/31/2025 10/29/2024 01/05/2017 Book
          Central Library (CL) Central Library (CL) General Stacks 06/01/2016 Donation       515 BRA SEECSD01306 11/11/2021   06/01/2016 Book
© 2023 Central Library, National University of Sciences and Technology. All Rights Reserved.